<?xml version="1.0" encoding="UTF-8"?>
<record
    xmlns:xsi="http://www.w3.org/2001/XMLSchema-instance"
    xsi:schemaLocation="http://www.loc.gov/MARC21/slim http://www.loc.gov/standards/marcxml/schema/MARC21slim.xsd"
    xmlns="http://www.loc.gov/MARC21/slim">

  <leader>00604nam a22001577a 4500</leader>
  <controlfield tag="005">20160106144129.0</controlfield>
  <controlfield tag="008">150511b        xxu||||| |||| 00| 0 eng d</controlfield>
  <datafield tag="020" ind1=" " ind2=" ">
    <subfield code="a">9781921972331</subfield>
  </datafield>
  <datafield tag="050" ind1=" " ind2=" ">
    <subfield code="a">QA 273 Q7ca 2013</subfield>
  </datafield>
  <datafield tag="100" ind1=" " ind2=" ">
    <subfield code="a">Quinn, Catherine </subfield>
  </datafield>
  <datafield tag="245" ind1=" " ind2=" ">
    <subfield code="a">Mathematics for the international student mathematics HL option : calculus </subfield>
    <subfield code="b">HL Topic 9, FM Topic 5</subfield>
  </datafield>
  <datafield tag="260" ind1=" " ind2=" ">
    <subfield code="a">Australia </subfield>
    <subfield code="b">Haese and Harris Publications </subfield>
    <subfield code="c">2013</subfield>
  </datafield>
  <datafield tag="300" ind1=" " ind2=" ">
    <subfield code="a">213 pages., </subfield>
    <subfield code="b">color illustrations., + CD ROM.</subfield>
    <subfield code="c"> ; 21 cm.</subfield>
  </datafield>
  <datafield tag="700" ind1=" " ind2=" ">
    <subfield code="a">Sangwin, Chris., Haese, Robert., Haese, Michael, Haese.</subfield>
  </datafield>
  <datafield tag="942" ind1=" " ind2=" ">
    <subfield code="2">lcc</subfield>
    <subfield code="c">BK</subfield>
    <subfield code="k">QA 273 Q7ca 2013</subfield>
  </datafield>
  <datafield tag="999" ind1=" " ind2=" ">
    <subfield code="c">283965</subfield>
    <subfield code="d">283965</subfield>
  </datafield>
  <datafield tag="952" ind1=" " ind2=" ">
    <subfield code="0">0</subfield>
    <subfield code="1">0</subfield>
    <subfield code="2">lcc</subfield>
    <subfield code="4">0</subfield>
    <subfield code="a">LUX</subfield>
    <subfield code="b">LUX</subfield>
    <subfield code="c">IB</subfield>
    <subfield code="d">2015-05-11</subfield>
    <subfield code="l">4</subfield>
    <subfield code="m">10</subfield>
    <subfield code="o">QA 273 Q7ca 2013</subfield>
    <subfield code="p">IB0191</subfield>
    <subfield code="r">2023-03-15 00:00:00</subfield>
    <subfield code="s">2023-03-02</subfield>
    <subfield code="w">2015-05-11</subfield>
    <subfield code="y">BK</subfield>
  </datafield>
  <datafield tag="952" ind1=" " ind2=" ">
    <subfield code="0">0</subfield>
    <subfield code="1">0</subfield>
    <subfield code="2">lcc</subfield>
    <subfield code="4">0</subfield>
    <subfield code="a">LUX</subfield>
    <subfield code="b">LUX</subfield>
    <subfield code="c">IB</subfield>
    <subfield code="d">2015-05-11</subfield>
    <subfield code="l">1</subfield>
    <subfield code="m">4</subfield>
    <subfield code="o">QA 273 Q7ca 2013</subfield>
    <subfield code="p">IB0192</subfield>
    <subfield code="r">2015-06-23 00:00:00</subfield>
    <subfield code="s">2015-05-19</subfield>
    <subfield code="w">2015-05-11</subfield>
    <subfield code="y">BK</subfield>
  </datafield>
</record>
